000 00734nam a22002297a 4500
003 UA-OsUOA
001 58040
007 ta
008 20090124b un ||||| |||| 00| 0 ukr d
090 _a340(094)(477)
_bО-37
942 _cBK
040 _aUA-OsUOA
_bukr
_cUA-OsUOA
_dUA-OsUOA
245 _aОгляд стану адаптації законодавства України до acguis communautaire
300 _a544 с.
955 _a2
041 _aukr
080 _a340(094)(477)
020 _a966-370-034-3
260 _aК.
_bПрофесіонал
_c2007
650 7 _a340 Право в цілому. Пропедевтика. Методи та допоміжні правничі науки
_2UDC
999 _c344122
_d344122